header

Serial port complete (Record no. 116482)

MARC details
000 -LEADER
fixed length control field 01262nam a2200313Ia 4500
082 04 - DEWEY DECIMAL CLASSIFICATION NUMBER
Classification number 005.2/75
100 1# - MAIN ENTRY--AUTHOR NAME
Personal name Axelson, Jan.
245 10 - TITLE STATEMENT
Title Serial port complete
250 ## - EDITION STATEMENT
Edition statement 2nd ed.
260 ## - PUBLICATION, DISTRIBUTION, ETC. (IMPRINT)
Place of publication Madison, Wis. :
Name of publisher Lakeview Research,
Year of publication c2007.
300 ## - PHYSICAL DESCRIPTION
Number of Pages xix, 379 p. :
Other physical details ill.
650 #0 - SUBJECT ADDED ENTRY--TOPICAL TERM
Topical Term Computer interfaces.
Topical Term Ports (Electronic computer system)
Topical Term Parallel programming (Computer science)
856 40 - ELECTRONIC LOCATION AND ACCESS
Uniform Resource Identifier http://site.ebrary.com/lib/rucke/Doc?id=10195627

No items available.

© 2026 Rongo University
Contact us: librarian | system librarian | Rongo university